Normal view
MARC view
Entry Topical Term
001 - CONTROL NUMBER
- control field: 7244
003 - CONTROL NUMBER IDENTIFIER
- control field: ARRUPE
005 - DATE AND TIME OF LATEST TRANSACTION
- control field: 20140129161507.0
008 - FIXED-LENGTH DATA ELEMENTS
- fixed length control field: 140129|| aca||aabn | a|a d
040 ## - CATALOGING SOURCE
- Original cataloging agency: ARRUPE
- Transcribing agency: ARRUPE
150 ## - HEADING--TOPICAL TERM
- Topical term or geographic name as entry element: Conduct of life
670 ## - SOURCE DATA FOUND
- Source citation: Work cat.: (ARRUPE): Carlson, Richard 7243, Don't sweat the small stuff...Omnibus, 1998